Informe de Práctica Supervisada realizado en la Clínica Especialidades Odontológicas Dr. Juan Carlos Coto (Registro nro. 6857)
[ vista simple ]
| 000 -LEADER | |
|---|---|
| fixed length control field | 00505nmm a22001697a 4500 |
| 005 - DATE AND TIME OF LATEST TRANSACTION | |
| control field | 20170210134136.0 |
| 008 - FIXED-LENGTH DATA ELEMENTS--GENERAL INFORMATION | |
| fixed length control field | 150728b xxu||||| |||| 00| 0 spa d |
| 041 ## - LANGUAGE CODE | |
| Language code of text/sound track or separate title | spa |
| 082 ## - DEWEY DECIMAL CLASSIFICATION NUMBER | |
| Classification number | MD 164 |
| 100 ## - MAIN ENTRY--AUTHOR NAME | |
| Personal name | Morales Coto, María |
| 245 ## - TITLE STATEMENT | |
| Title | Informe de Práctica Supervisada realizado en la Clínica Especialidades Odontológicas Dr. Juan Carlos Coto |
| 260 ## - PUBLICATION, DISTRIBUTION, ETC. (IMPRINT) | |
| Year of publication | 2013 |
| 650 ## - SUBJECT ADDED ENTRY--TOPICAL TERM | |
| Topical Term | COSTA RICA |
| 650 ## - SUBJECT ADDED ENTRY--TOPICAL TERM | |
| Topical Term | MECÁNICA DENTAL |
| 650 ## - SUBJECT ADDED ENTRY--TOPICAL TERM | |
| Topical Term | APARATOS FUNCIONALES |
| 942 ## - ADDED ENTRY ELEMENTS (KOHA) | |
| Tipo de ítem | Informe de Práctica |
| Withdrawn status | Estado | Estado físico | Not for loan | Total Checkouts | Clasificación | Número de inscripción | Date last seen | Price effective from | Tipo de ítem |
|---|---|---|---|---|---|---|---|---|---|
| MD 164 | MD164 | 07/06/2016 | 07/06/2016 | Informe de Práctica |